Philip Reid saves the statue of freedom /

Philip Reid was an enslaved African American who volunteered to work with the delicate plaster mold needed to create Freedom, the statue that stands atop the capital building in Washington, D.C.

Bibliographic Details
Main Authors: Lapham, Steven Sellers (Author), Walton, Eugene (Author)
Other Authors: Christie, R. Gregory, 1971- (Illustrator)
Format: Book
Language:English
Published: Ann Arbor, MI : Sleeping Bear Press, 2014.
Subjects:

MARC

Tag First Indicator Second Indicator Subfields
LEADER 00000cam a2200000 i 4500
001 in00003530271
005 20151105213728.0
008 130130s2014 miua j 000 0deng
010 |a  2013002586 
020 |a 9781585368198 
020 |a 1585368199 
035 |a (OCoLC)ocn826323858 
035 |a (OCoLC)826323858 
040 |a DLC  |b eng  |e rda  |c DLC  |d YDXCP  |d BDX  |d FOLLT  |d ASC  |d JRN  |d OCLCO  |d IUL  |d UtOrBLW 
042 |a pcc 
043 |a n-us--- 
049 |a TXAM 
050 0 0 |a E340.R45  |b L37 2014 
082 0 0 |a 973/.0496073  |2 23 
100 1 |a Lapham, Steven Sellers,  |e author. 
245 1 0 |a Philip Reid saves the statue of freedom /  |c Steven Sellers Lapham & Eugene Walton ; Illustrated by R. Gregory Christie. 
264 1 |a Ann Arbor, MI :  |b Sleeping Bear Press,  |c 2014. 
300 |a 36 unnumbered pages :  |b color illustrations ;  |c 29 cm 
336 |a text  |b txt  |2 rdacontent 
337 |a unmediated  |b n  |2 rdamedia 
338 |a volume  |b nc  |2 rdacarrier 
520 |a Philip Reid was an enslaved African American who volunteered to work with the delicate plaster mold needed to create Freedom, the statue that stands atop the capital building in Washington, D.C. 
600 1 0 |a Reid, Philip,  |d approximately 1820-1892  |v Anecdotes  |v Juvenile literature. 
600 1 0 |a Crawford, Thomas,  |d 1813 or 1814-1857.  |t Freedom  |v Anecdotes  |v Juvenile literature. 
650 0 |a Foundry workers  |z United States  |v Anecdotes  |v Juvenile literature. 
650 0 |a African Americans  |v Anecdotes  |v Juvenile literature. 
600 1 1 |a Reid, Philip,  |d approximately 1820-1892. 
600 1 1 |a Crawford, Thomas,  |d 1813 or 1814-1857.  |t Freedom. 
650 1 |a Foundry workers. 
650 1 |a Slaves. 
650 1 |a African Americans  |v Biography. 
700 1 |a Walton, Eugene,  |e author. 
700 1 |a Christie, R. Gregory,  |d 1971-  |e illustrator. 
938 |a Brodart  |b BROD  |n 104635835 
938 |a YBP Library Services  |b YANK  |n 10315050 
947 |a A14842874373 
945 |a PromptCat  |b 226340 
946 |a curr 
994 |a 92  |b TXA 
948 |a Cataloged  |b h  |c 2015/6/18  |d c  |e AReeder 
999 |a MARS 
999 f f |s ffa7a205-4ec6-3a1c-87d1-ba7dacfa118c  |i 2d6401a4-0458-315d-81d8-4b5d8342ce9e  |t 0 
952 f f |p normal  |a Texas A&M University  |b College Station  |c Sterling C. Evans Library  |d Evans: Curriculum Collection (4th floor)  |t 0  |e E340.R45 L37 2014  |h Library of Congress classification  |i unmediated -- volume  |m A14842874373 
998 f f |a E340.R45 L37 2014  |t 0  |l Evans: Curriculum Collection (4th floor)